L'eterno ritorno del Droit des gens di Emer de Vattel -secc. XVIII-XIX-. L'impatto sulla cultura giuridica in prosppettiva globale

Guardat en:
Dades bibliogràfiques
Autor principal: Fiocchi Malaspina, Elisabetta (Autor)
Format: Llibre
Idioma:italià
Publicat: Frankfurt am Main Max Planck Institute 2017
Edició:1a. ed
Col·lecció:Global Perspectives on Legal History, 8
Matèries:
Etiquetes: Afegir etiqueta
Sense etiquetes, Sigues el primer a etiquetar aquest registre!

MARC

LEADER 00000cam a2200000 a 4500
001 UCC8360
003 CL-VaPUC
008 190621e20170000gw |||||||||||||||||ita|d
020 |a 9783944773070 
082 0 4 |a 340.1  |b FIO  |2 21 
100 0 |a Fiocchi Malaspina, Elisabetta  |e author  |9 603042 
245 1 2 |a L'eterno ritorno del Droit des gens di Emer de Vattel -secc. XVIII-XIX-. L'impatto sulla cultura giuridica in prosppettiva globale 
250 |a 1a. ed 
300 |a 349 p 
942 |c BK 
945 |d 20190621 12:31:00  |a dcastane 
260 |a Frankfurt am Main  |b Max Planck Institute  |c 2017 
650 0 |a Historia del derecho  |9 255109 
650 0 |a Derecho internacional  |9 255637 
650 0 |a Ciencias Políticas  |9 255201 
650 0 |a Derecho de gentes  |9 391410 
583 |a last modification  |c 20190621 12:31:00  |k Rodrigo Vera 
490 0 |a Global Perspectives on Legal History, 8 
999 |c 374706  |d 374704 
952 |0 0  |1 0  |3 erb  |4 0  |6 340_100000000000000_FIO_2017  |7 0  |8 DER_HDC  |9 493390  |a BIBDER  |b BIBDER  |i 5591805  |o 340.1 FIO 2017  |p 5591805  |r 2023-01-25  |w 2019-11-24  |x Ubicación 4to Piso  |y BK  |z Estos recursos deben solicitarse con anticipación  |k DER